00373nam a2200121Ia 4500003000400000005001700004008004100021040001800062041000800080100004400088245009600132260002300228OSt20260114105927.0211028s2012 xx 000 0 und d cAIMIT LIBRARY aeng aD Souza, Joyson; Dhananjaya K.g1016019 aAn analysis of the transportation problem at fr muller homeopathic phamaceutical division / bDhananjaya Kc2012